| 000 | 00541nam a2200205Ia 4500 | ||
|---|---|---|---|
| 999 |
_c36266 _d36266 |
||
| 001 | 2173 | ||
| 003 | GE_BSU | ||
| 005 | 20190527153646.0 | ||
| 008 | 181216s2007||||enk|||||||||||||| ||eng|| | ||
| 040 | _cGE_BSU | ||
| 041 | _aeng | ||
| 080 | _a811.111(075.8) C-51 | ||
| 100 |
_aClare, Antonia JJ _91647 |
||
| 245 |
_aTotal English. Pre-intermediate / _bWorbook |
||
| 264 | _bLongman | ||
| 300 |
_a85 p. ; _b28 cm. |
||
| 653 | _aინგლისური ენა | ||
| 700 |
_aWilson, JJ. _eავტორი _91648 |
||
| 942 |
_cBK _2udc |
||